Normal view MARC view
  • MTG

Entry Personal Name

Number of records used in: 29

001 - CONTROL NUMBER

  • control field: 7733

003 - CONTROL NUMBER IDENTIFIER

  • control field: OSt

005 - DATE AND TIME OF LATEST TRANSACTION

  • control field: 20231204093628.0

008 - FIXED-LENGTH DATA ELEMENTS

  • fixed length control field: 231204|| aca||aabn | a|a d

040 ## - CATALOGING SOURCE

  • Original cataloging agency: OSt
  • Transcribing agency: OSt

100 ## - HEADING--PERSONAL NAME

  • Personal name: MTG

670 ## - SOURCE DATA FOUND

  • Source citation: Work cat.: (OSt)12482: MTG, MTG CBSE 15 Sample Papers-Social Science-Class-10, 2024

Powered by Koha